Biggest African Cities by Letter - I - Statistics

General Stats
  • This quiz has been taken 206 times
    156 since last reset
  • The average score is 2 of 8
Answer Stats
Pop Country Hint City % Correct
3,190,000 Nigeria Rapidly growing Ibadan
100%
1,080,000 Nigeria Kwara State capital Ilorin
52%
450,388 Egypt On the Suez Canal Ismaïlia
28%
560,000 Nigeria Ancient Yoruba city Ife
22%
535,619 Nigeria Largest Lagos suburb Ikorodu
16%
465,000 Nigeria Ondo State Ikare
9%
325,000 Nigeria Ancient Yoruba city Ilesha
9%
360,000 Nigeria Sungbo's Eredo Ijebu Ode
7%
No matching quizzes found
Score Distribution
Percent of People with Each Score
Percentile by Number Answered
Your Score History
You have not taken this quiz since the last reset